| 000 | 00570nam a22002057a 4500 | ||
|---|---|---|---|
| 001 | sjds170070 | ||
| 003 | sjds | ||
| 005 | 20170612172147.0 | ||
| 008 | 170612b nyu||||| |||| 00| 0 spa d | ||
| 020 | _a9780590473613 (pbk.) | ||
| 020 | _a0590473611 (pbk.) | ||
| 040 | _csjds | ||
| 041 |
_aspa _heng |
||
| 100 | _aBrown, Tricia. | ||
| 240 | _aHello, amigos! | ||
| 245 |
_aHola, amigos! / _cpor Tricia Brown ; fotografías de Fran Ortiz |
||
| 260 |
_aNew York : _bScholastic, _cc1993. |
||
| 300 |
_a1 volume (unpaged) : _billustrations ; _c21 x 26 cm |
||
| 942 | _cBK | ||
| 999 |
_c17478 _d17478 |
||